01032cam a22002891 4500952015100000999001700151001000800168003000900176005001700185008004100202010001700243035001900260040002700279042001200306050001700318082001900335100003300354245006100387250001400448260005100462300005400513504003300567650003300600651005200633906004500685942001200730 00102ddc40708NFICaASLbASLcGENd2021-02-10eASB Library Collectionsl0o954.6551 PIIp105590r2021-02-10 00:00:00tC-1w2021-02-10yBKzRARE c21702d217028851909BDDh-ASL20231015030029.0770726s1953 xx 000 0 eng  a 53037556  a(OCoLC)3141462 aDLCcOCdDLCdBDDh-ASL apremarc00aGB294.K3bP5 a954.6551bPII 1 aPithawalla, Manekji Bejanji.13aAn introduction to Kashmir :bits geology and geography. a[1st ed.] aMuzaffarabad :bKashmir Publications, c1953.  axii, 128 p. : bplates, maps (part fold.)c22 cm. aBibliography: p. [127]-128. 0aPhysical geographyzKashmir. 0aJammu and Kashmir (India)xEconomic conditions. a7bcbccoclcrplduencipf19gy-gencatlg 2ddccBK